000 00226nam a22001097a 4500
100 _aParagon
245 _aOreanic Chemistry & Biochemistry
250 _a2015
260 _bBrown Bear Books
300 _a64
942 _2ddc
_cBK
999 _c12862
_d12862